| 000 | 00423nam a22001577a 4500 | ||
|---|---|---|---|
| 999 |
_c7763 _d7763 |
||
| 003 | GBCCL | ||
| 005 | 20241126110636.0 | ||
| 008 | 180918b ||||| |||| 00| 0 eng d | ||
| 040 | _cgbc | ||
| 082 |
_aSOU PAU _b1993 |
||
| 100 |
_aPaukhomang, T _913551 |
||
| 245 |
_aJubilee dakging : _bLungthul (t) leh Lungthul (e) saptuam te ah 1943-1993 |
||
| 260 |
_aLungthul : _bThangzakap _c1993 |
||
| 300 | _a91p. ; | ||
| 942 |
_2ddc _cARCH |
||